Letter Bag - African Countries Quiz Stats

 Plays Quiz Updated Mar 10, 2019

Score 0/28 Timer 04:00
14 Plays Today
Hint Answer % Correct
Begins with 'C'Chad
93.4%
4 LettersChad
93.4%
Begins with 'K'Kenya
87.2%
Vowel First & Last LetterAlgeria
87%
Begins with 'C'Cameroon
84.4%
Ends with 'N'Cameroon
84.4%
Ends with 'N'Benin
82.3%
Begins with 'B'Benin
82.3%
Vowel First & Last LetterEthiopia
82.2%
Vowel First & Last LetterAngola
81.4%
Vowel First & Last LetterEritrea
81.2%
Begins with 'B'Botswana
79.8%
4 LettersMali
76.9%
Vowel First & Last LetterUganda
74.4%
Hint Answer % Correct
4 LettersTogo
74.4%
Begins with 'B'Burundi
74.3%
Begins with 'C'Central African Republic
73.9%
Begins & Ends on Same ConsonantCentral African Republic
72.9%
Begins with 'C'Comoros
71.5%
Ends with 'N'Sudan
67.4%
Begins with 'B'Burkina Faso
64.1%
Ends with 'N'South Sudan
63.9%
Begins with 'C'Cabo Verde
63.4%
Vowel First & Last LetterEquatorial Guinea
54.5%
Ends with 'N'Gabon
53.2%
Begins with 'C'Côte d'Ivoire
51.9%
Vowel First & Last LettereSwatini
45.7%
Begins & Ends on Same ConsonantSeychelles
42.2%

You're not logged in!

Compare scores with friends on all Sporcle quizzes.
OR
Log In

Sporcle TV

Today on Sporcle TV


Watch our educational content, quiz creation guides, and fun videos on Sporcle TV.

Show Comments

Extras

Top Quizzes Today


Score Distribution

Your Account Isn't Verified!

In order to create a playlist on Sporcle, you need to verify the email address you used during registration. Go to your Sporcle Settings to finish the process.

Report this User

Report this user for behavior that violates our Community Guidelines.

Details: